| 000 | 00567nam a2200205Ia 4500 | ||
|---|---|---|---|
| 008 | 161112s9999 xx 000 0 und d | ||
| 020 | _a971-9344-62-9 | ||
| 050 | _aREF ND 1029.C87 | ||
| 050 | _b.A38 2008 | ||
| 100 | _aAguilar, Marlene. | ||
| 245 | 0 | _aYin and yang by cusi / | |
| 245 | 0 | _cMarlene Aguilar. | |
| 260 | _aManila : | ||
| 260 | _bJamayco Pub. House., | ||
| 300 | _bcolor illustrations. ; | ||
| 300 | _c29 cm. | ||
| 650 | _aArt -- Philippines -- Private collection. | ||
| 650 | _aPainters -- Philippines. | ||
| 650 | _xPainting, Philippines. | ||
| 999 |
_c305244 _d305244 |
||